La nation québécoise au futur et au passé (Registro nro. 317231)

Detalles MARC
000 -ENCABEZADO
Número de control [NR] 00838nam a2200229 a 4500
005 - FECHA Y HORA DE LA ÚLTIMA TRANSACCIÓN
control field 20210519151550.0
008 - DE LONGITUD FIJA DE DATOS DE ELEMENTOS - INFORMACIÓN GENERAL
Elementos de longitud fija [NR] 210519s1999 quc |||gr|||| 00| 0 fre d
020 ## - NUMERO INTERNACIONAL NORMALIZADO PARA LIBROS [R]
Número Internacional Normalizado del libro [NR] 2890057089
040 ## - FUENTE DE CATALOGACION [NR]
Agencia de catalogación original [NR] CO-BoUCM
Idioma de catalogación [NR] spa
Quien Cataloga Deissy Garcia
Quien Clasifica Deissy Garcia
041 0# - CODIGO DE IDIOMA [R]
Código de idioma para texto/pista de sonido o título separado [R] Francés
100 1# - ASIENTO PRINCIPAL--NOMBRE PERSONAL [NR]
Nombre personal [NR] Bouchard, Gérard
ID Autoridad 103526
245 13 - MENCION DE TITULO [NR]
Título [NR] La nation québécoise au futur et au passé
Mención de responsabilidad, etc. [NR] Gérard Bouchard
260 ## - PUBLICACION, DISTRIBUCION, ETC. (PIE DE IMPRENTA) [R]
Lugar de publicación, distribución, etc. [R] Montreal
Nombre del editor, distribuidor, etc. [R] VLB
Fecha de publicación, distribución, etc. [R] 1999
300 ## - DESCRIPCION FISICA [R]
Extensión [R] 157 páginas
490 0# - MENCION DE SERIE [R]
Mención de serie [R] Collection Balises
504 ## - NOTA DE BIBLIOGRAFIA, ETC. [R]
Nota de bibliografía, etc. [NR] Incluye referencias bibliográficas
650 #7 - ASIENTO SECUNDARIO DE MATERIA - TERMINO TEMATICO [R]
Término temático o nombre geográfico como elemento de entrada [NR] Nacionalismo
Subdivisión geográfica [R] Québec (provincia)
9 (RLIN) 103527
650 #7 - ASIENTO SECUNDARIO DE MATERIA - TERMINO TEMATICO [R]
Término temático o nombre geográfico como elemento de entrada [NR] Multiculturalismo
Subdivisión geográfica [R] Québec (provincia)
9 (RLIN) 103528
651 ## - ASIENTO SECUNDARIO DE MATERIA - NOMBRE GEOGRAFICO [R]
Nombre geográfico [NR] Québec (provincia)
Subdivisión general [R] Historia
-- Movimientos de autonomía e independencia
9 (RLIN) 103522
942 ## - ELEMENTOS DE ENTRADA AGREGADOS (KOHA)
Tipo de ítem principal el descrito en 300a Libro
Sistema de clasificación DEWEY
Tema principal Historia
Edición 1
Clasificación 971.4
Parte restante de la signatura top. B752n
Título oculto en OPAC No
Existencias
Signatura topográfica Código de barras Última vez visto Ejemplar Costo de reposición Price effective from Tipo de ítem Perdido Sistema de clasificación Dañado No prestable Tipo de ítem específico Suprimido Ubicación habitual Ubicación actual Localización Fecha de creación Proveedor Forma de adquisición Costo
971.4 B752n 100165709 09/12/2024 Ej.1 26000.00 05/02/2020 Libro   DEWEY     Libro   BodegaJK Claustro Préstamo 2 días después de solicitado 05/02/2020 12 Donación 0.00